00570nam a2200169Ia 4500008004100000020001800041100002700059245003900086250000600125260002500131500002400156650002800180942000700208952008400215952008400299999001700383230524s9999 xx 000 0 und d a9788183556071 awww.gkpublications.com 0aGATE 2013 - Mechanical Engineering a1 aNew DelhibGKPc2012 aQuantity Number: 2 aPersonality Development cBK 00104070aTATCLbTATCLcGENd2023-05-24l0p47278r2023-05-24w2023-05-24yBK 00104070aTATCLbTATCLcGENd2023-05-24l0p47279r2023-05-24w2023-05-24yBK c52303d52303